000
00216 a2200097 4500
001
11139
100
_a
I. H. Quareshi
245
_a
The Pakistan way of life
260
_a
_b
William Heineman
_c
090
_c
8693
_d
8693
942
_a
NUST-CAE
_c
M
_c
35481
999
_c
246212
_d
246212